[Event "SR 3. liga A2 2005/2006"]
[Site "?"]
[Date "2006.??.??"]
[Round "?"]
[White "Cechovic, Stefan"]
[Black "Schmikli, Laszlo"]
[Result "1/2-1/2"]
[WhiteElo "2165"]
[BlackElo "2285"]
[Annotator " 43.1"]
[PlyCount "139"]
[EventDate "2005.??.??"]

1. Nf3 Nc6 2. d4 d5 3. e3 Bg4 4. c4 e5 5. dxe5 dxc4 6. Qa4 Bxf3 7. gxf3 Qd5 8.
Nd2 b5 9. Qc2 Nxe5 10. Be2 Bb4 11. O-O Bxd2 12. e4 Nxf3+ 13. Bxf3 Qg5+ 14. Bg2
Rd8 15. f4 Qc5+ 16. Kh1 Bxc1 17. Raxc1 Nf6 18. b3 Rd4 19. Qf2 O-O 20. bxc4 bxc4
21. e5 Ng4 22. Qf3 h5 23. h3 Nh6 24. Qxh5 Kh7 25. Qg5 c3 26. e6 f5 27. Rg1 Rf6
28. Bf3 Qe7 29. Rxc3 Rxe6 30. Bh5 Re1 31. Bg6+ Kh8 32. Qxe7 Rxe7 33. Rgc1 Re6
34. Bh5 Rxf4 35. Rxc7 Rh4 36. Bf3 Ra6 37. Bd5 Rxh3+ 38. Kg2 Rd3 39. Bc4 Rg6+
40. Kf2 Ra3 41. Rc8+ Kh7 42. Rh1 Rd6 43. Bb3 Kg6 44. Rc7 Rd2+ 45. Ke1 Rg2 46.
Rf1 Kf6 47. Rf4 Rg4 48. Rf2 a5 49. Rd2 Re4+ 50. Kd1 a4 51. Rd6+ Ke5 52. Rd5+
Kf4 53. Bc2 Re5 54. Rc4+ Re4 55. Bxe4 fxe4 56. Rdd4 Re3 57. Rxa4 Nf5 58. Rd7 g5
59. Ra5 Nh4 60. Rf7+ Kg4 61. Re5 Nf3 62. Rxf3 Kxf3 63. Rxg5 Ra3 64. Rh5 Rxa2
65. Rh3+ Kf4 66. Rh8 Ke3 67. Rh3+ Kf4 68. Rh8 Ke3 69. Rh3+ Kd4 70. Rh8 {
atd k remize v 83.tahu} 1/2-1/2

[Event "SR 3. liga A2 2005/2006"]
[Site "?"]
[Date "2006.??.??"]
[Round "?"]
[White "Ivan, Imrich ml"]
[Black "Vlkovic, Pavol"]
[Result "1-0"]
[WhiteElo "2015"]
[BlackElo "1885"]
[Annotator " 43.2"]
[PlyCount "71"]
[EventDate "2005.??.??"]

1. Nf3 e6 2. g3 f5 3. Bg2 Nf6 4. c4 d5 5. O-O Be7 6. b3 O-O 7. Bb2 c6 8. d3 Qe8
9. Nbd2 Nbd7 10. Qc2 Qh5 11. Rfe1 g5 12. e4 dxe4 13. dxe4 f4 14. e5 Ne8 15. g4
Qxg4 16. Nd4 Nb6 17. Kh1 c5 18. Bf3 Qh4 19. Nb5 a6 20. Nc3 Rf7 21. Nce4 Kf8 22.
Rg1 Bd7 23. Rg4 Qh6 24. Rag1 Rg7 25. Qc3 Rd8 26. Qa5 Bc6 27. Qxb6 Qh3 28. Nxc5
Bxf3+ 29. Nxf3 Qxf3+ 30. R4g2 Bxc5 31. Qxd8 g4 32. Qd1 Qc6 33. Bd4 Bxd4 34.
Qxd4 g3 35. Qxf4+ Kg8 36. f3 1-0

[Event "SR 3. liga A2 2005/2006"]
[Site "?"]
[Date "2006.??.??"]
[Round "?"]
[White "Vagovsky, Jozef"]
[Black "Csefalvay, Stefan"]
[Result "1-0"]
[WhiteElo "1835"]
[BlackElo "1925"]
[Annotator " 43.3"]
[PlyCount "97"]
[EventDate "2005.??.??"]

1. d4 Nf6 2. Nf3 d5 3. c4 e6 4. Nc3 c6 5. e3 Nbd7 6. cxd5 exd5 7. Bd3 Bd6 8.
O-O O-O 9. Qc2 h6 10. Bd2 Re8 11. Rfe1 Nf8 12. h3 Bd7 13. e4 dxe4 14. Nxe4 Nxe4
15. Bxe4 Be6 16. Re2 Bd5 17. Rae1 Bxe4 18. Rxe4 Rxe4 19. Rxe4 Qf6 20. Bc3 Qg6
21. Nh4 Qh7 22. Qe2 g5 23. Qg4 Ng6 24. Nf5 Bf8 25. h4 gxh4 26. Nxh4 Rd8 27.
Nxg6 Qxg6 28. Qh4 Rd5 29. Bd2 Rh5 30. Qg4 Qxg4 31. Rxg4+ Kh7 32. Kf1 Rd5 33.
Ke2 Rb5 34. b3 h5 35. Re4 Kg6 36. Kd3 Rd5 37. f3 c5 38. Be3 Bg7 39. Kc4 Rd7 40.
dxc5 Rd1 41. Re7 Re1 42. Kd3 Rd1+ 43. Ke2 Ra1 44. a4 Ra2+ 45. Kd3 Rxg2 46. Rxb7
h4 47. Bf4 h3 48. c6 Bh6 49. c7 1-0

[Event "SR 3. liga A2 2005/2006"]
[Site "?"]
[Date "2006.??.??"]
[Round "?"]
[White "Ivan, Imrich"]
[Black "Hrusovsky, Jan"]
[Result "1-0"]
[WhiteElo "1800"]
[BlackElo "1730"]
[Annotator " 43.4"]
[PlyCount "89"]
[EventDate "2005.??.??"]

1. e4 e5 2. Nf3 Nc6 3. Bb5 a6 4. Bxc6 dxc6 5. O-O Bg4 6. d3 Bxf3 7. Qxf3 Qf6 8.
Qh3 Bc5 9. Be3 Bd6 10. Nc3 Ne7 11. g3 O-O 12. f4 c5 13. Rf2 b5 14. Raf1 b4 15.
Na4 Qe6 16. Qxe6 fxe6 17. Bxc5 Ng6 18. Bxd6 cxd6 19. Nb6 Rad8 20. Nc4 h6 21.
Ne3 exf4 22. gxf4 e5 23. fxe5 dxe5 24. Nd5 a5 25. Rxf8+ Rxf8 26. Rxf8+ Kxf8 27.
c4 Ke8 28. Kf2 Kd7 29. Ke3 Kd6 30. d4 Kc6 31. b3 exd4+ 32. Kxd4 Nh4 33. Ne7+
Kd7 34. Nf5 Nf3+ 35. Kc5 g5 36. Nxh6 Nxh2 37. Nf5 g4 38. Ng3 Nf3 39. Kd5 Nd2
40. e5 Nxb3 41. e6+ Kc7 42. c5 a4 43. c6 Kd8 44. e7+ Kxe7 45. Nf5+ 1-0

[Event "SR 3. liga A2 2005/2006"]
[Site "?"]
[Date "2006.??.??"]
[Round "?"]
[White "Bisco, Igor"]
[Black "Janko, Ladislav"]
[Result "1/2-1/2"]
[WhiteElo "2110"]
[BlackElo "2190"]
[Annotator " 44.1"]
[PlyCount "31"]
[EventDate "2005.??.??"]

1. e4 c6 2. d4 d5 3. Nc3 g6 4. Nf3 Bg4 5. Bf4 Bg7 6. exd5 cxd5 7. h3 Bxf3 8.
Qxf3 Nc6 9. O-O-O Nxd4 10. Rxd4 Bxd4 11. Nxd5 Kf8 12. Nc7 Bf6 13. Nxa8 Qxa8 14.
Bc4 Kg7 15. g4 h6 16. Rd1 $11 1/2-1/2

[Event "SR 3. liga A2 2005/2006"]
[Site "?"]
[Date "2006.??.??"]
[Round "?"]
[White "Puobis, Jozef"]
[Black "Lahucky, Pavol"]
[Result "1/2-1/2"]
[WhiteElo "2040"]
[BlackElo "2105"]
[Annotator " 44.2"]
[PlyCount "33"]
[EventDate "2005.??.??"]

1. e4 e5 2. Nf3 Nc6 3. d4 exd4 4. Bc4 d6 5. Nxd4 Nxd4 6. Qxd4 Nf6 7. O-O Be7 8.
Nc3 O-O 9. h3 h6 10. a4 b6 11. Be3 Bb7 12. Rad1 Qe8 13. Qd3 Bd8 14. f3 Nd7 15.
Bd4 Ne5 16. Qe2 Nxc4 17. Qxc4 $11 1/2-1/2

[Event "SR 3. liga A2 2005/2006"]
[Site "?"]
[Date "2006.??.??"]
[Round "?"]
[White "Gajarsky, Roman"]
[Black "Kosar, Mikulas ml"]
[Result "1/2-1/2"]
[WhiteElo "2050"]
[BlackElo "1965"]
[Annotator " 44.3"]
[PlyCount "43"]
[EventDate "2005.??.??"]

1. e4 e5 2. Nf3 Nf6 3. Nxe5 d6 4. Nf3 Nxe4 5. d4 d5 6. Bd3 Bg4 7. c4 Bb4+ 8.
Bd2 Nxd2 9. Nbxd2 Bxf3 10. Qxf3 Bxd2+ 11. Kxd2 O-O 12. cxd5 c6 13. dxc6 Qa5+
14. Kc2 Nxc6 15. Qe4 g6 16. a3 Rfe8 17. Qh4 Rad8 18. Rad1 Rxd4 19. Qg3 Qd5 20.
Kb1 Na5 21. Bc2 $11 Nc4 22. h4 1/2-1/2

[Event "SR 3. liga A2 2005/2006"]
[Site "?"]
[Date "2006.??.??"]
[Round "?"]
[White "Kubica, Adrian"]
[Black "Peska, Juraj"]
[Result "1/2-1/2"]
[WhiteElo "1945"]
[BlackElo "2020"]
[Annotator " 44.4"]
[PlyCount "35"]
[EventDate "2005.??.??"]

1. e4 e5 2. Nf3 d6 3. d4 exd4 4. Nxd4 Nf6 5. Nc3 Be7 6. Bc4 O-O 7. O-O Bd7 8.
Re1 Nc6 9. Nd5 Nxd5 10. exd5 Nxd4 11. Qxd4 Bf6 12. Qd1 Re8 13. Bd3 Rxe1+ 14.
Qxe1 Qe8 15. Qxe8+ Rxe8 16. Be3 a6 17. c3 g6 18. Re1 $11 1/2-1/2

[Event "SR 3. liga A2 2005/2006"]
[Site "?"]
[Date "2006.??.??"]
[Round "?"]
[White "Hertel, Ondrej"]
[Black "Bott, Tamas"]
[Result "1/2-1/2"]
[WhiteElo "1960"]
[BlackElo "1930"]
[Annotator " 44.5"]
[PlyCount "34"]
[EventDate "2005.??.??"]

1. d4 Nf6 2. c4 e6 3. Nc3 Bb4 4. Nf3 O-O 5. Qc2 d5 6. Bg5 h6 7. Bxf6 Qxf6 8. a3
Bxc3+ 9. Qxc3 dxc4 10. Qxc4 Nc6 11. Qc3 Rd8 12. Rd1 Bd7 13. e4 a6 14. g3 Rac8
15. Bg2 b6 16. O-O Ne7 17. Ne5 c5 $11 1/2-1/2

[Event "SR 3. liga A2 2005/2006"]
[Site "?"]
[Date "2006.??.??"]
[Round "?"]
[White "Kosar, Mikulas"]
[Black "Kollarik, Gorazd"]
[Result "1/2-1/2"]
[WhiteElo "2010"]
[BlackElo "1980"]
[Annotator " 44.6"]
[PlyCount "82"]
[EventDate "2005.??.??"]

1. e4 d5 2. exd5 Qxd5 3. Nc3 Qa5 4. g3 c6 5. Bg2 Bf5 6. Nf3 Nf6 7. O-O e6 8. a3
Bd6 9. d3 Nbd7 10. Re1 O-O 11. Nh4 h6 12. Nxf5 Qxf5 13. Be4 Qa5 14. Bg2 Rfd8
15. Be3 Qc7 16. Ne4 Nxe4 17. Bxe4 Nf6 18. Bg2 b6 19. Qf3 Rac8 20. Bxh6 Be5 21.
Bc1 Rd7 22. Rb1 c5 23. Qe2 Bd6 24. Qf3 Rcd8 25. Bg5 Be7 26. Bf4 Bd6 27. Bg5 Be7
28. Bf4 Bd6 29. Bxd6 Qxd6 30. h4 Qd4 31. Qe3 c4 32. Qxd4 Rxd4 33. dxc4 Rxc4 34.
Rec1 Rd2 35. c3 Rc7 36. Rd1 Rcd7 37. Bf3 Kf8 38. Kf1 Ke7 39. Ke1 Rxd1+ 40. Rxd1
Rc7 41. g4 Ng8 1/2-1/2

[Event "SR 3. liga A2 2005/2006"]
[Site "?"]
[Date "2006.??.??"]
[Round "?"]
[White "Synak, Jan"]
[Black "Sido, Daniel"]
[Result "1-0"]
[WhiteElo "1775"]
[BlackElo "1670"]
[Annotator " 44.7"]
[PlyCount "73"]
[EventDate "2005.??.??"]

1. c4 d5 2. cxd5 Qxd5 3. Nc3 Qa5 4. Nf3 f6 5. d4 Bg4 6. e4 a6 7. Bc4 Nh6 8.
Bxh6 gxh6 9. Qb3 b5 10. Bf7+ Kd8 11. Qd5+ Kc8 12. Qxa8 b4 13. Qd5 Qb6 14. Na4
Qc6 15. Qxc6 Nxc6 16. Nc5 Bxf3 17. Be6+ Kd8 18. gxf3 a5 19. f4 h5 20. Rd1 Nb8
21. Nb7+ Ke8 22. Nxa5 Bh6 23. f5 Bf4 24. Ke2 Nd7 25. Kf3 Bd6 26. Nc4 Nf8 27. e5
fxe5 28. Nxe5 Nxe6 29. fxe6 Rf8+ 30. Nf7 Rxf7+ 31. exf7+ Kxf7 32. Ke4 h4 33. f4
h6 34. Rhg1 c5 35. a4 bxa3 36. bxa3 cxd4 37. a4 1-0

[Event "SR 3. liga A2 2005/2006"]
[Site "?"]
[Date "2006.??.??"]
[Round "?"]
[White "Kubis, Ivan"]
[Black "Jurica, Peter"]
[Result "0-1"]
[WhiteElo "2065"]
[BlackElo "2150"]
[Annotator " 45.1"]
[PlyCount "82"]
[EventDate "2005.??.??"]

1. e4 Nf6 2. e5 Nd5 3. d4 d6 4. Nf3 Bg4 5. Be2 c6 6. O-O Bxf3 7. Bxf3 dxe5 8.
dxe5 e6 9. Nd2 Be7 10. Ne4 O-O 11. Nd6 Nd7 12. c4 Nxe5 13. Nxb7 Qc7 14. cxd5
Nxf3+ 15. Qxf3 cxd5 16. Bd2 Qxb7 17. Bc3 Bb4 18. Bd4 f6 19. Qb3 Rab8 20. Qe3
Qe7 21. a3 Bd6 22. b4 a6 23. Rfe1 Rfe8 24. Rac1 e5 25. Qb3 Qf7 26. Bc5 Red8 27.
Qa4 Qb7 28. h3 Qb5 29. Qd1 Bxc5 30. Rxc5 Qd7 31. Qc2 Rbc8 32. Rd1 Rxc5 33. Qxc5
Qd6 34. Qxd6 Rxd6 35. a4 d4 36. Kf1 Rb6 37. Rb1 Kf7 38. Ke2 Ke6 39. Kd3 Kd5 40.
f3 f5 41. g4 e4+ 0-1

[Event "SR 3. liga A2 2005/2006"]
[Site "?"]
[Date "2006.??.??"]
[Round "?"]
[White "Blazek, Milos"]
[Black "Hrubsa, Vladimir"]
[Result "1/2-1/2"]
[WhiteElo "2115"]
[BlackElo "2055"]
[Annotator " 45.2"]
[PlyCount "45"]
[EventDate "2005.??.??"]

1. e4 c5 2. Nf3 Nc6 3. d4 cxd4 4. Nxd4 e5 5. Nb5 a6 6. Nd6+ Bxd6 7. Qxd6 Qf6 8.
Qxf6 Nxf6 9. Nc3 d5 10. exd5 Nb4 11. Bd3 Nfxd5 12. Nxd5 Nxd5 13. Bd2 Be6 14.
O-O f5 15. f3 Kf7 16. Rfe1 Nf4 17. Bf1 Rac8 18. Rxe5 Ng6 19. Ree1 Rxc2 20. Bc3
Rd8 21. Red1 Rxd1 22. Rxd1 Nf4 23. Rd2 1/2-1/2

[Event "SR 3. liga A2 2005/2006"]
[Site "?"]
[Date "2006.??.??"]
[Round "?"]
[White "Pekar, Tibor"]
[Black "Blatnicky, Miroslav"]
[Result "0-1"]
[WhiteElo "1985"]
[BlackElo "2110"]
[Annotator " 45.3"]
[PlyCount "122"]
[EventDate "2005.??.??"]

1. e4 e6 2. d4 d5 3. e5 c5 4. Nf3 cxd4 5. Nxd4 Bd7 6. Nd2 Qb6 7. N2b3 Nc6 8.
Nxc6 bxc6 9. Bd2 c5 10. c4 d4 11. Bd3 Bc6 12. O-O h5 13. Na5 Bd7 14. Qf3 Rb8
15. Be4 g5 16. Bc6 Bxc6 17. Qxc6+ Qxc6 18. Nxc6 Rxb2 19. Bxg5 Bh6 20. Bxh6 Nxh6
21. Rfb1 Rxb1+ 22. Rxb1 O-O 23. Rb5 Nf5 24. Na5 d3 25. Nb3 Nd4 26. Nxd4 d2 27.
Rb1 cxd4 28. f4 Kg7 29. Rd1 Rc8 30. Rxd2 Rxc4 31. Kf2 Kg6 32. Ke2 Kf5 33. Kd3
Ra4 34. Rf2 Kg4 35. Ke4 h4 36. Kd3 a6 37. Ke4 d3+ 38. Ke3 a5 39. f5 d2 40. Rxd2
Kxf5 41. Rf2+ Kxe5 42. Rxf7 Rxa2 43. Rh7 Rxg2 44. Rxh4 Ra2 45. Rh5+ Kf6 46. h4
a4 47. Ra5 a3 48. Ra6 Ra1 49. Kd2 a2 50. Kc3 Rc1+ 51. Kb2 Rh1 52. Kxa2 Rxh4 53.
Kb3 Rd4 54. Kc3 Rd8 55. Kc2 Kf5 56. Ra3 e5 57. Rd3 Rxd3 58. Kxd3 Kf4 59. Ke2
Ke4 60. Kd1 Ke3 61. Ke1 e4 0-1

[Event "SR 3. liga A2 2005/2006"]
[Site "?"]
[Date "2006.??.??"]
[Round "?"]
[White "Krchnak, Rudolf"]
[Black "Vepy, Ivan"]
[Result "0-1"]
[WhiteElo "1970"]
[BlackElo "1925"]
[Annotator " 45.4"]
[PlyCount "48"]
[EventDate "2005.??.??"]

1. d4 Nf6 2. Nc3 d5 3. Bg5 e6 4. e4 dxe4 5. Nxe4 Be7 6. Bxf6 Bxf6 7. Nf3 O-O 8.
c3 Be7 9. Bd3 b6 10. Qe2 Bb7 11. O-O-O Qd5 12. Kb1 Nc6 13. h4 a5 14. Neg5 h6
15. Ne4 b5 16. g4 f5 17. Nc5 Bxc5 18. dxc5 Nb4 19. cxb4 axb4 20. b3 Qxf3 21.
Qxe6+ Kh8 22. Bxf5 Rxf5 23. Rhe1 Rf4 24. Re3 Qxd1+ 0-1

[Event "SR 3. liga A2 2005/2006"]
[Site "?"]
[Date "2006.??.??"]
[Round "?"]
[White "Londin, Martin"]
[Black "Smrek, Peter"]
[Result "0-1"]
[WhiteElo "1915"]
[BlackElo "1965"]
[Annotator " 45.5"]
[PlyCount "92"]
[EventDate "2005.??.??"]

1. e4 e5 2. Nf3 Nf6 3. Bc4 Nc6 4. O-O Bc5 5. c3 Nxe4 6. d4 d5 7. Re1 exd4 8.
Bxd5 Qxd5 9. c4 Qxc4 10. b3 Qe6 11. Ng5 Nxg5 12. Rxe6+ Nxe6 13. Ba3 O-O 14.
Bxc5 Nxc5 15. Nd2 Re8 16. a3 Be6 17. h3 Rad8 18. Qc2 Nd7 19. f4 Nf6 20. Re1 Bd5
21. Rxe8+ Rxe8 22. Qd1 Ne4 23. Nf3 Rd8 24. Nxd4 Be6 25. f5 Rxd4 26. Qf3 Bd5 27.
b4 Nd6 28. Qe2 h6 29. f6 gxf6 30. b5 Ne5 31. Qh5 Kg7 32. Qe2 Bc4 33. Qf2 Nxb5
34. Kh2 c5 35. a4 Nd6 36. Qg3+ Ng6 37. Qf3 a6 38. Qh5 Rd5 39. Qf3 b5 40. Qf2 b4
41. Qc2 a5 42. Kg1 Bd3 43. Qf2 c4 44. g4 c3 45. Qe3 Be4 46. Qc1 c2 0-1

[Event "SR 3. liga A2 2005/2006"]
[Site "?"]
[Date "2006.??.??"]
[Round "?"]
[White "Mikudik, Ivan"]
[Black "Hrubsa, Marian"]
[Result "1-0"]
[WhiteElo "1875"]
[BlackElo "1725"]
[Annotator " 45.6"]
[PlyCount "63"]
[EventDate "2005.??.??"]

1. d4 d5 2. c4 e6 3. Nc3 Nf6 4. Nf3 Nbd7 5. Bg5 Be7 6. e3 c6 7. Qc2 Qa5 8. a3
Bb4 9. Bxf6 Nxf6 10. Nd2 O-O 11. Bd3 Bd6 12. O-O Bb8 13. Rac1 dxc4 14. Bxc4 Qh5
15. Nf3 Re8 16. Ne2 Qh6 17. Rcd1 g5 18. Ng3 Ng4 19. Qe4 Nf6 20. Qd3 Nd5 21. Ne5
f6 22. Ng4 Qf8 23. Nh5 f5 24. Bxd5 fxg4 25. Ba2 Qf7 26. Ng3 h5 27. Ne2 Kh8 28.
f4 gxf3 29. Rxf3 Qg7 30. Rdf1 e5 31. Rf7 e4 32. Qc3 1-0

[Event "SR 3. liga A2 2005/2006"]
[Site "?"]
[Date "2006.??.??"]
[Round "?"]
[White "Horak, Ivan"]
[Black "Furjel, Andrej"]
[Result "1/2-1/2"]
[WhiteElo "2140"]
[BlackElo "2015"]
[Annotator " 46.1"]
[PlyCount "99"]
[EventDate "2005.??.??"]

1. e4 e5 2. Nf3 Nc6 3. Bc4 Be7 4. d4 d6 5. c3 Nf6 6. Qc2 O-O 7. O-O Bg4 8. Nbd2
a5 9. a4 exd4 10. Nxd4 Nxd4 11. cxd4 d5 12. exd5 Nxd5 13. Qe4 Nf6 14. Qd3 Qd7
15. Nb3 Rfd8 16. h3 Bh5 17. Bf4 c6 18. Rac1 Nd5 19. Be5 Nb6 20. Qg3 Bg6 21. Nc5
Bxc5 22. dxc5 Nxc4 23. Rxc4 Qd3 24. Rc3 Qxg3 25. Bxg3 Rd7 26. Re1 f6 27. Bd6
Re8 28. Rxe8+ Bxe8 29. b4 axb4 30. Rb3 Bg6 31. Rxb4 Kf7 32. a5 Bd3 33. f4 g6
34. Kf2 Ba6 35. Re4 Bd3 36. Re3 Bc4 37. g4 Bd5 38. f5 g5 39. h4 h6 40. h5 Bc4
41. Ke1 Bb5 42. Kd2 Bc4 43. Kc3 Bd5 44. Kb4 Bg2 45. Kc3 Bf1 46. Kd4 Bb5 47. Re1
Ba6 48. Re3 Bb5 49. Re4 Ba6 50. Re3 1/2-1/2

[Event "SR 3. liga A2 2005/2006"]
[Site "?"]
[Date "2006.??.??"]
[Round "?"]
[White "Manak, Jozef"]
[Black "Pribila, Michal"]
[Result "0-1"]
[WhiteElo "2090"]
[BlackElo "2010"]
[Annotator " 46.2"]
[PlyCount "68"]
[EventDate "2005.??.??"]

1. e4 c5 2. Nf3 d6 3. Bb5+ Bd7 4. Bxd7+ Qxd7 5. O-O Nc6 6. c3 Nf6 7. Re1 e5 8.
d4 cxd4 9. cxd4 Be7 10. d5 Nd8 11. Nc3 O-O 12. Bg5 h6 13. Bxf6 Bxf6 14. Rc1 b5
15. Qb3 a6 16. a4 Nb7 17. Ra1 Nc5 18. Qd1 b4 19. Nb1 a5 20. b3 Be7 21. Nbd2 f5
22. Rc1 Nd3 23. Qe2 Nxe1 24. Qxe1 fxe4 25. Qxe4 Rac8 26. Nc4 Rf4 27. Qe2 Qa7
28. g3 Rf7 29. Kg2 Rcf8 30. Ncd2 Bg5 31. Rf1 Bxd2 32. Nxd2 Qd4 33. Ne4 Qxd5 34.
Rd1 Rxf2+ 0-1

[Event "SR 3. liga A2 2005/2006"]
[Site "?"]
[Date "2006.??.??"]
[Round "?"]
[White "Pribila, Gerhard"]
[Black "Pobjecky, Ivan"]
[Result "1/2-1/2"]
[WhiteElo "1960"]
[BlackElo "2025"]
[Annotator " 46.3"]
[PlyCount "81"]
[EventDate "2005.??.??"]

1. e4 c5 2. d4 cxd4 3. c3 dxc3 4. Nxc3 Nc6 5. Nf3 g6 6. Bc4 Bg7 7. O-O d6 8.
Bg5 Nf6 9. e5 dxe5 10. Qxd8+ Nxd8 11. Nxe5 O-O 12. Rfe1 Be6 13. Bd3 Nc6 14.
Nxc6 $11 bxc6 15. Rac1 Rfe8 16. b3 h6 17. Bxf6 exf6 18. Be4 $11 Bd7 19. Na4 f5
20. Bf3 Bf8 21. Red1 Red8 22. g3 Rac8 23. Nc5 Be8 24. Nb7 Rxd1+ 25. Rxd1 c5 26.
Nd6 Bxd6 27. Rxd6 c4 28. bxc4 Rxc4 29. Rd8 Kf8 30. Be2 Rc1+ 31. Kg2 Ke7 32. Rd2
Bc6+ 33. Bf3 Be4 34. Bxe4 fxe4 35. Rd4 f5 36. Ra4 Rc7 37. Ra6 Kf7 38. Kf1 $11
Kg7 39. h4 Kh7 40. Ke2 Kg7 41. Ke3 1/2-1/2

[Event "SR 3. liga A2 2005/2006"]
[Site "?"]
[Date "2006.??.??"]
[Round "?"]
[White "Mihalik, Anton"]
[Black "Vach, Jozef"]
[Result "1/2-1/2"]
[WhiteElo "2035"]
[BlackElo "1970"]
[Annotator " 46.4"]
[PlyCount "62"]
[EventDate "2005.??.??"]

1. c4 c5 2. Nc3 Nc6 3. Nf3 Nf6 4. d4 cxd4 5. Nxd4 d6 6. g3 g6 7. Bg2 Bd7 8. O-O
Bg7 9. e3 Rb8 10. b3 O-O 11. Bb2 a6 12. Qd2 Qc8 13. Nd5 Re8 14. Nxf6+ Bxf6 15.
Nxc6 Bxc6 16. Bxc6 Qxc6 17. Bxf6 exf6 18. Rfd1 Re6 19. Qd5 Kf8 20. Rd2 Qxd5 21.
Rxd5 Rc8 22. Rad1 Ke7 23. Kg2 Rc5 24. R5d4 f5 25. b4 Rc7 26. a4 b6 27. Kf1 h5
28. h4 f6 29. Ke2 Rc8 30. f3 Kd7 31. R1d3 Ke7 $11 1/2-1/2

[Event "SR 3. liga A2 2005/2006"]
[Site "?"]
[Date "2006.??.??"]
[Round "?"]
[White "Jozefovic, Milan"]
[Black "Gono, Pavol"]
[Result "0-1"]
[WhiteElo "1775"]
[BlackElo "1995"]
[Annotator " 46.5"]
[PlyCount "148"]
[EventDate "2005.??.??"]

1. e4 c6 2. d4 d5 3. e5 Bf5 4. Nc3 Qb6 5. b3 e6 6. Na4 Qc7 7. Nf3 Nd7 8. Nh4
Ne7 9. Ba3 Bg6 10. Qd2 Nxe5 11. Be2 Nd7 12. O-O Nf5 13. Bxf8 Nxf8 14. Nxf5 Bxf5
15. c4 dxc4 16. bxc4 Nd7 17. Qb4 c5 18. dxc5 O-O 19. Bf3 Rab8 20. Rfc1 Rfc8 21.
c6 bxc6 22. Qc3 c5 23. Bd1 Ne5 24. Bb3 Rd8 25. Re1 Rd4 26. Qg3 f6 27. f3 Rbd8
28. Nc3 Qa5 29. Ne2 Rd2 30. Nf4 Qc3 31. Nh5 Bg6 32. Nf4 Qd4+ 33. Kh1 Bf7 34. h4
Qf2 35. Qxf2 Rxf2 36. Rad1 Rdd2 37. Rxd2 Rxd2 38. Kg1 Nd3 39. Nxd3 Rxd3 40. Kf2
e5 41. Rc1 Rd2+ 42. Kg3 Be6 43. Rc3 Kf7 44. Kh2 f5 45. Kg1 Kf6 46. g3 e4 47. f4
Ke7 48. Kf1 Kd6 49. Ke1 Rd4 50. Ke2 Kc7 51. a3 Kb6 52. Ke3 Ka5 53. Ke2 Bd7 54.
Bc2 Ba4 55. Bb1 Rd1 56. Bc2 Bxc2 57. Rxc2 Rd4 58. Rb2 Ka6 59. Rb8 Rxc4 60. Rh8
Rc3 61. Kf2 Rc2+ 62. Ke3 Rg2 63. Rxh7 Rxg3+ 64. Ke2 c4 65. h5 c3 66. h6 gxh6
67. Rxh6+ Kb5 68. Rh5 Kc4 69. Rxf5 Rg2+ 70. Kd1 Rd2+ 71. Kc1 e3 72. Rf8 e2 73.
Rc8+ Kb3 74. Rb8+ Kxa3 0-1

[Event "SR 3. liga A2 2005/2006"]
[Site "?"]
[Date "2006.??.??"]
[Round "?"]
[White "Curidlo, Jan"]
[Black "Kocak, Branislav"]
[Result "0-1"]
[WhiteElo "2070"]
[BlackElo "1705"]
[Annotator " 46.6"]
[PlyCount "106"]
[EventDate "2005.??.??"]

1. e4 c5 2. Nf3 d6 3. d4 cxd4 4. Nxd4 Nf6 5. Nc3 Nc6 6. Be2 g6 7. Be3 Bg7 8.
Qd2 O-O 9. O-O Bd7 10. a3 a6 11. f4 Rc8 12. h3 Nxd4 13. Bxd4 Rxc3 14. bxc3 Nxe4
15. Qe3 Bc6 16. Bxg7 Kxg7 17. Bd3 Nc5 18. Rfe1 e6 19. Rad1 Nxd3 20. cxd3 d5 21.
Rb1 Qa5 22. Qd4+ Kg8 23. Qb4 Qd8 24. a4 Qh4 25. Qd4 Qg3 26. Re3 Qh4 27. Rb2 Rc8
28. Kh2 Qe7 29. Ra2 Qf8 30. g4 Qg7 31. Re5 Re8 32. f5 exf5 33. Rxe8+ Bxe8 34.
Re2 Bc6 35. Re5 fxg4 36. hxg4 Qf8 37. Qf4 Qa3 38. Qb4 Qc1 39. Qd4 Qf1 40. Kg3
Qc1 41. a5 Qa3 42. c4 dxc4 43. Qxc4 Qb2 44. Rc5 Qg2+ 45. Kf4 Qf3+ 46. Ke5 Kg7
47. Rxc6 Qxc6 48. Qd4 Qf6+ 49. Ke4 Qxd4+ 50. Kxd4 h5 51. gxh5 gxh5 52. Ke5 h4
53. Kf4 Kf6 0-1

[Event "SR 3. liga A2 2005/2006"]
[Site "?"]
[Date "2006.??.??"]
[Round "?"]
[White "Zajicek, Ferdinand"]
[Black "Bincik, Pavol"]
[Result "1/2-1/2"]
[WhiteElo "1725"]
[BlackElo "1805"]
[Annotator " 46.7"]
[PlyCount "63"]
[EventDate "2005.??.??"]

1. e4 c6 2. d4 d5 3. e5 Bf5 4. Nf3 e6 5. Nc3 c5 6. Be3 c4 7. Ne2 Nc6 8. Ng3 Bg6
9. c3 b5 10. a3 Na5 11. Nd2 Nc6 12. Be2 a5 13. O-O a4 14. f4 Nge7 15. Bg4 Bd3
16. Be2 Bxe2 17. Qxe2 g6 18. Nf3 Qd7 19. Ng5 h6 20. Nf3 Nf5 21. Nh1 Nxe3 22.
Qxe3 O-O-O 23. Nf2 Be7 24. Ng4 Rdg8 25. Nf6 Bxf6 26. exf6 Rh7 27. Ne5 Qc7 28.
Rae1 Kb7 29. Nxc6 Kxc6 30. Qe5 h5 31. Qxc7+ Kxc7 32. h4 1/2-1/2

[Event "SR 3. liga A2 2005/2006"]
[Site "?"]
[Date "2006.??.??"]
[Round "?"]
[White "Gubis, Vladimir"]
[Black "Papanek, Lubomir"]
[Result "0-1"]
[WhiteElo "1810"]
[BlackElo "1690"]
[Annotator " 46.8"]
[PlyCount "54"]
[EventDate "2005.??.??"]

1. d4 d5 2. c4 Nf6 3. Nc3 e6 4. e3 c6 5. cxd5 exd5 6. Bd3 Bb4 7. Qc2 Be6 8. a3
Bd6 9. h3 Nbd7 10. Nf3 c5 11. Ng5 Nf8 12. Nxe6 fxe6 13. dxc5 Bxc5 14. b4 Bd6
15. Bb2 Be5 16. Qb3 N8d7 17. Na4 O-O 18. Bd4 Nh5 19. O-O Qh4 20. Rad1 Bxd4 21.
exd4 Nf4 22. Bb5 Nf6 23. Qe3 Ne4 24. Kh2 Rf6 25. Nc5 Rg6 26. Rg1 Nxf2 27. Rdf1
Ng4+ 0-1

[Event "SR 3. liga A2 2005/2006"]
[Site "?"]
[Date "2006.??.??"]
[Round "?"]
[White "Meszaros, Lorant"]
[Black "Hanzluvka, Peter"]
[Result "1-0"]
[WhiteElo "2110"]
[BlackElo "2050"]
[Annotator " 47.1"]
[PlyCount "97"]
[EventDate "2005.??.??"]

1. d4 Nf6 2. c4 g6 3. g3 d5 4. cxd5 Nxd5 5. Bg2 Bg7 6. Nf3 Nc6 7. O-O O-O 8. e4
Nb6 9. d5 Na5 10. Qc2 Nac4 11. Nc3 Bg4 12. b3 Nd6 13. Bb2 e6 14. h3 Bxf3 15.
Bxf3 exd5 16. exd5 Re8 17. Rad1 Nd7 18. Bg2 Nf6 19. Ne2 Qd7 20. Nf4 Re7 21. h4
Rae8 22. a4 a6 23. Ba3 Nfe4 24. Bh3 Qd8 25. Kh2 h5 26. Rd3 Nf6 27. Bb4 Re4 28.
Bd2 Ng4+ 29. Kg2 Nf5 30. Rc1 R8e7 31. Kg1 Bd4 32. Bxg4 hxg4 33. Qd1 Qe8 34.
Qxg4 Re1+ 35. Kg2 Rxc1 36. Bxc1 Re1 37. Bd2 Re4 38. h5 Bg7 39. hxg6 fxg6 40.
Qxg6 Qxg6 41. Nxg6 Nd6 42. Nf4 Rd4 43. Rxd4 Bxd4 44. Ne6 Ne4 45. Nxd4 Nxd2 46.
f4 c5 47. dxc6 bxc6 48. b4 a5 49. Nxc6 1-0

[Event "SR 3. liga A2 2005/2006"]
[Site "?"]
[Date "2006.??.??"]
[Round "?"]
[White "Diviak, R."]
[Black "Szekely, Stefan"]
[Result "0-1"]
[WhiteElo "1945"]
[BlackElo "2080"]
[Annotator " 47.2"]
[PlyCount "84"]
[EventDate "2005.??.??"]

1. e4 d6 2. d4 Nf6 3. Nc3 g6 4. Be3 Bg7 5. Qd2 h6 6. f3 Nbd7 7. O-O-O e5 8. Bc4
a6 9. Nge2 Qe7 10. h3 b5 11. Nd5 Qd8 12. Bb3 Bb7 13. Nec3 Rc8 14. Nxf6+ Bxf6
15. dxe5 Nxe5 16. f4 Nd7 17. Rhe1 Nc5 $11 18. e5 Nxb3+ 19. axb3 Bh4 20. Bf2 O-O
21. g3 Be7 22. Ne4 Bxe4 $11 23. Rxe4 dxe5 24. Qe2 Bd6 25. fxe5 Qg5+ 26. Be3 Qf5
27. Bxh6 Rfe8 28. Rf1 Qe6 29. Rf6 Qd5 30. Qg4 Bxe5 31. Rxg6+ fxg6 32. Qxg6+ Kh8
33. Bg7+ Bxg7 34. Rh4+ Kg8 35. Qh7+ Kf7 36. Rf4+ Ke6 37. Qg6+ Kd7 38. Qxg7+ Re7
39. Qg4+ Qe6 40. Rd4+ Kc6 41. Qf3+ Kb6 42. Kd2 Rf8 0-1